000 00292nam a22001337a 4500
999 _c55031
_d55031
008 200205b ||||| |||| 00| 0 eng d
041 _aeng
080 _2043.3
_a043.3
082 _a043.3
100 _a0
101 _aBTH
245 _aKosova në Vitet 89-90
_cRamadani,I
942 _2udc
_cBK